000
00327nam a22001457a 4500
008
210312b ||||| |||| 00| 0 eng d
020
_a
0697068534
041
_a
eng
080
_2
2nd
_a
510
082
_a
510
100
_a
36
101
_a
MAT
245
_a
Mathematics an Informal Approach
_c
Bennett, A. B
942
_2
udc
_c
BK
999
_c
56484
_d
56484